000 01596nam a2200505 i 4500
001 28168
003 KOSZ 005
005 20210518150350.0
008 990506s1984 pl a |000 0 pol
015 _aUWD 1984/4168
020 _a8304017032
035 _a991009667769705066
035 _a(PL-WaBN)b1261337x-48omnis_nlop
035 _ab1261337x
035 _a(OCoLC)233512362
035 _axx001118749
035 _a(PL)b0000001261337
035 _a(EXLNZ-48OMNIS_NETWORK)9910266980705606
040 _aWA N
_cWA N
_dKOSZ 005/HR
046 _k1984
080 _a331.108.4
080 _a331.54
080 _a316.334.22(438)
100 1 _aReszke, Irena
_d(1929- )
_eAutor
245 1 0 _aPrestiż społeczny a płeć :
_bkryteria prestiżu zawodów i osób /
_cIrena Reszke.
260 _aWrocław [etc.] :
_bZakład Narodowy im. Ossolińskich,
_c1984.
300 _a224 s. :
_berr. ;
_c21 cm.
336 _aTekst
_btxt
_2rdacontent
337 _aBez urządzenia pośredniczącego
_bn
_2rdamedia
338 _aWolumin
_bnc
_2rdacarrier
380 _aKsiążki
388 _a1901-2000
388 _a1945-1989
504 _aBibliogr. s. 208-212.
650 7 _aKariera
_2DBN
650 7 _aPłeć
_2DBN
650 7 _aPrestiż
_2DBN
650 7 _aZawód
651 _aPolska
658 _aSocjologia i społeczeństwo
710 2 _aWydawnictwo Ossolineum
856 _uhttp://koha.tu.koszalin.pl/cgi-bin/koha/opac-detail.pl?biblionumber=28168
_yKatalog online BPK
942 _2UKD
_cKS
999 _c28168
_d28168